000 00460nam a2200157Ia 4500
008 210716s2007 xx 000 0 und d
020 _a9788184042931
041 _aeng
082 _a005.3001 GROC
100 _aGrover, Chris.
245 _aWord 2007 for starters: the missing manual.
_bMissing manual.
250 _a1
260 _aMumbai
_bShroff Publishers and Distributors Pvt Ltd
_c2007
300 _axiv,338,15
650 _aMicrosoft Windows(005.269)
999 _c189105
_d189105